| 000 | 01457nam a2200325 i 4500 | ||
|---|---|---|---|
| 003 | DO-SdBNP | ||
| 005 | 20260429133020.0 | ||
| 007 | ta | ||
| 008 | 260306b2025 dr ||||| |||| 00| 0 spa d | ||
| 020 | _a9789945224535 | ||
| 040 |
_aDO-SdBNP _bspa _cBNPHU _erda |
||
| 041 | _aspa | ||
| 082 | 4 |
_aRD861.44 _bD542d _222 |
|
| 100 | 1 |
_aDíaz, José, _eautor _4aut. _99448 |
|
| 245 | 1 | 4 |
_aDel amor y otras pendejadas / _cJosé Díaz ; prólogo, Omar Messón |
| 250 | _aprimera edición | ||
| 264 | 4 |
_aSanto Domingo, República Dominicana : _bEditora Búho, S.R.L., _c©2025. |
|
| 300 |
_a71 páginas : _bilustraciones ; _c23 cm. |
||
| 336 |
_atexto _btxt _2rdacontent |
||
| 337 |
_asin mediación _bn _2rdamedia |
||
| 338 |
_avolumen _bnc _2rdacarrier |
||
| 500 | _aIncluye datos biográficos del autor en la solapa de la contracubierta | ||
| 505 | _aIntroito, 9 -- A manera de presentación, Bernardo Cedeño de la Rosa, 11 -- Cuando solo tenia 16 -- Muere a domicilio, 21 -- Noches y flores, 27 -- ¡Dígale por lo menos me hable!, 31 -- Vamos a mejorar, 45 -- Para vestir santos, 47 -- Yo fui quien la empujó, 51 -- Camino a casa, 55 -- Gran poder de Dios, 61 -- El jarrito de mi tía, 67 -- Epilogo, 71 | ||
| 590 | _aInventariado, 2026 /LP | ||
| 650 | 7 |
_aPoesía dominicana _2LEMB |
|
| 650 | 7 |
_aLiteratura dominicana _2LEMB |
|
| 700 | 1 |
_aMessón, Omar, _eprologuista _4pr. _964170 |
|
| 910 | _aLP/Validado. Control de calidad MFF | ||
| 942 |
_2ddc _cLBS1 |
||
| 999 |
_c60455 _d60455 |
||